Business and Security Sector Reform (Record no. 92158)

MARC details
000 -LEADER
fixed length control field 01418nam a2200253Ii 4500
008 - FIXED-LENGTH DATA ELEMENTS--GENERAL INFORMATION
fixed length control field 221202s xx 000 0 und d
100 1# - MAIN ENTRY--PERSONAL NAME
Personal name Rosa Mendes, Pedro,
Relator term author
245 #0 - TITLE STATEMENT
Title Business and Security Sector Reform
246 ## - VARYING FORM OF TITLE
Title proper/short title The Case for Corporate Security Responsibility
264 #1 - PRODUCTION, PUBLICATION, DISTRIBUTION, MANUFACTURE, AND COPYRIGHT NOTICE
Place of production, publication, distribution, manufacture London
Name of producer, publisher, distributor, manufacturer Ubiquity Press
Date of production, publication, distribution, manufacture, or copyright notice 2015
300 ## - PHYSICAL DESCRIPTION
Extent 1 online resource (49 pages)
336 ## - CONTENT TYPE
Content type term text
Content type code txt
Source rdacontent
337 ## - MEDIA TYPE
Media type term computer
Media type code c
Source rdamedia
338 ## - CARRIER TYPE
Carrier type term online resource
Carrier type code cr
Source rdacarrier
490 ## - SERIES STATEMENT
Series statement SSR Papers
Volume/sequential designation 13
520 ## - SUMMARY, ETC.
Summary, etc. Challenges to security and human rights involving extractive and other industries are addressed in a framework known as business and human rights (BHR), which shares many challenges and goals with SSR. This paper describes the grounds where BHR and SSR coincide in principles, actors and activities and which synergies can be built on that base. Opportunities for bridging BHR and SSR are drawn from a systematic comparison of case studies on Guinea, Colombia and Papua New Guinea. BHR and SSR should ideally cohere instead of collide.
653 ## - INDEX TERM--UNCONTROLLED
Uncontrolled term Business
653 ## - INDEX TERM--UNCONTROLLED
Uncontrolled term Good Governance
653 ## - INDEX TERM--UNCONTROLLED
Uncontrolled term Human Rights
653 ## - INDEX TERM--UNCONTROLLED
Uncontrolled term Risk Assessment
653 ## - INDEX TERM--UNCONTROLLED
Uncontrolled term Security Sector Reform
856 ## - ELECTRONIC LOCATION AND ACCESS
Uniform Resource Identifier <a href="https://docs.google.com/spreadsheets/d/1yKIrdCPDAG_9c22mwoOIO2DOhtj65Wqa/edit?usp=sharing&ouid=106555315294820607512&rtpof=true&sd=true ">https://docs.google.com/spreadsheets/d/1yKIrdCPDAG_9c22mwoOIO2DOhtj65Wqa/edit?usp=sharing&ouid=106555315294820607512&rtpof=true&sd=true </a>
Link text List of Curated E-Books
942 ## - ADDED ENTRY ELEMENTS (KOHA)
Koha item type E-Book

No items available.

University of Rizal System
Email us at univlibservices@urs.edu.ph

Visit our Website www.urs.edu.ph/library